| 000 | 01515cam a2200361 a 4500 | ||
|---|---|---|---|
| 001 | 3090851 | ||
| 003 | OSt | ||
| 005 | 20230507165056.0 | ||
| 008 | 981104s1999 nyu b 001 0 eng | ||
| 010 | _a 98050837 | ||
| 020 | _a0312222017 (alk. paper) | ||
| 035 | _a(DLC) 98050837 | ||
| 040 |
_aDLC _cDLC _dDLC |
||
| 043 | _af-ke--- | ||
| 050 | 0 | 0 |
_aDT433.575 _b.K95 1999 |
| 082 | 0 | 0 |
_a967.62/03 _221 |
| 100 | 1 | _aKyle, Keith. | |
| 245 | 1 | 4 |
_aThe politics of the independence of Kenya / _cKeith Kyle. |
| 260 |
_aNew York : _bSt. Martin's Press, _c1999. |
||
| 300 |
_axviii, 258 p. ; _c23 cm. |
||
| 490 | 1 | _aContemporary history in context | |
| 500 | _a"In association with Institute of Contemporary British History, ICBH." | ||
| 504 | _aIncludes bibliographical references (p. 239-243) and index. | ||
| 651 | 0 |
_aKenya _xPolitics and government _yTo 1963. |
|
| 651 | 0 |
_aKenya _xHistory _xAutonomy and independence movements. |
|
| 830 | 0 | _aContemporary history in context series. | |
| 856 | 4 | 2 |
_3Contributor biographical information _uhttp://www.loc.gov/catdir/bios/hol057/98050837.html |
| 856 | 4 | 2 |
_3Publisher description _uhttp://www.loc.gov/catdir/description/hol056/98050837.html |
| 856 | 4 | 1 |
_3Table of contents _uhttp://www.loc.gov/catdir/toc/hol052/98050837.html |
| 906 |
_a7 _bcbc _corignew _d1 _eocip _f19 _gy-gencatlg |
||
| 942 |
_2ddc _cBK |
||
| 999 |
_c6 _d6 |
||